| Tag |
First Indicator |
Second Indicator |
Subfields |
| LEADER |
00000cam a2200000 a 4500 |
| 001 |
in00000413166 |
| 005 |
20151012054700.0 |
| 008 |
860731s1986 caua 00110 eng d |
| 010 |
|
|
|a 85063465
|
| 020 |
|
|
|a 0911625313 (pbk.)
|
| 035 |
|
|
|a (OCoLC)13993984
|
| 035 |
|
|
|9 ABU8359AM
|
| 040 |
|
|
|a TOL
|c TOL
|d TXA
|d UtOrBLW
|
| 049 |
|
|
|a TXAM
|c [A09480270]
|
| 090 |
|
|
|a QA76.8.I1015
|b M32 1986
|
| 100 |
1 |
|
|a McQuillen, Kevin.
|
| 245 |
1 |
0 |
|a DOS/VSE assembler language /
|c Kevin McQuillen, Anne Prince.
|
| 264 |
|
1 |
|a Fresno, Calif. :
|b M. Murach,
|c [1986]
|
| 264 |
|
4 |
|c ©1986
|
| 300 |
|
|
|a xi, 492 pages :
|b illustrations ;
|c 26 cm.
|
| 336 |
|
|
|a text
|b txt
|2 rdacontent
|
| 337 |
|
|
|a unmediated
|b n
|2 rdamedia
|
| 338 |
|
|
|a volume
|b nc
|2 rdacarrier
|
| 500 |
|
|
|a Revised edition of: System/360-370 assembler language (DOS). 1974.
|
| 500 |
|
|
|a Includes index.
|
| 650 |
|
0 |
|a Assembly languages (Electronic computers)
|
| 650 |
|
0 |
|a IBM computers
|x Programming.
|
| 650 |
|
0 |
|a DOS/VSE (Computer operating system)
|
| 700 |
1 |
|
|a Prince, Anne.
|
| 700 |
1 |
|
|a McQuillen, Kevin.
|t System/360-370 assembler language (DOS)
|
| 740 |
0 |
|
|a System/360-370 assembler language (DOS).
|
| 999 |
|
|
|a MARS
|
| 999 |
f |
f |
|s b5102702-6582-308a-9933-7d9e30b72b45
|i a2416089-e47a-36ed-a0e9-de71d1e0f4b2
|t 0
|
| 952 |
f |
f |
|p ric
|a Texas A&M University
|b Rellis Campus
|c Joint Library Facility
|d Remote Storage
|t 0
|e QA76.8.I1015 M32 1986
|h Library of Congress classification
|i unmediated -- volume
|m A14809480270
|
| 998 |
f |
f |
|a QA76.8.I1015 M32 1986
|t 0
|l Remote Storage
|